Kompozitné materiály s magnetickými plnivami dizertačná práca

Na minha lista:
Detalhes bibliográficos
Autor principal: Kruželák, Ján
Formato: Livro
Idioma:eslovaco
Publicado em: Bratislava STU FCHPT 2011
Acesso em linha:View in OPAC
Tags: Adicionar Tag
Sem tags, seja o primeiro a adicionar uma tag!

MARC

LEADER 00000nam a2200000 a 4500
005 20260127134412.0
008 150126 2015 000 0 slo d
035 |a vtls010649401 
039 9 |y 201501261006  |z mschk03 
040 |a STUSCHK1  |b slo  |c STUSCHK1  |e AACR2 
100 1 |a Kruželák, Ján 
245 1 |a Kompozitné materiály s magnetickými plnivami  |b dizertačná práca  |c Ján Kruželák 
260 |a Bratislava  |b STU FCHPT  |c 2011 
300 |a 190 s.  |b il.  |c 30 cm 
500 |a Študijný program: technológia polymérnych materiálov 
500 |a Štud. odbor: technológia makromolekulových látok 
500 |a Školiace pracovisko: Odd. plastov a kaučuku 
910 |a SCHK95 
999 |c 11896  |d 11896